000 00263nam a2200097Ia 4500
008 190216s9999||||xx |||||||||||||| ||und||
100 _aNull
245 0 _aHindi-Swathandrethar Hindi Upanyas Sahithyame Shilpa Veedi Ka Vikas
260 _bS Vishwanathan
942 _cBK
999 _c18436
_d18436